000 02713cad a22003015a 4500
001 L159626
008 110418s2017 xxk f 001 0 eng d
020 _a9781315690445
035 _a(Sirsi) u159626
041 0 _aeng
050 0 4 _a333.33 $2 18
050 0 4 _a658.200941 $2 18
100 1 _aHaynes, Barry P.
245 0 0 _aCorporate real estate asset management
_bstrategy and implementation
_h[electronic resource]
250 _a2nd ed.
260 _aAbingdon
_bRoutledge
_c2017
300 _aEBOOK
505 2 _aThe Cream Context -- Positon: Understanding the business environment -- Purpose: How company and corporate strategies can be aligned --Paradigm: How a company aligns its real estate with its culture, mission and values -- Processes: How real estate can support business processes, activities and work styles -- Procurement: Selecting appropriate real estate options that support the strategic and financial requirements of the corporate occupier -- Place: Selecting appropriate locations, buildings and configurations -- People: The importance of the interaction between people and real estate -- Planet: How CREAM can integrate sustainability, responsibility and governance -- Performance: How to measure and benchmark the performance of corporate real estate -- Productivity: How CREAM can support improved business productivity -- Case Study 1: A Sectoral view of CREAM: TMT -- Case Study 2: Implementing Activity Based Working -- Case Study 3: Activity based Workplaces -- Case Study 4: Benchmarking key CREAM components -- Case Study 5: Integrating Sustainability into CREAM practice -- Case Study 6: CREAM in the Public Sector -- Case Study 7: Coworking: JustCo Case Study Singapore -- Case Study 8: Workplace Transformation: Nokia connecting people -- Case Study 9: Headquarter reconfiguration: The Hong Kong Jockey Club
520 _aFocuses on successful and efficient use of corporate office space. Written from an occupier?s perspective, the book presents a ten-point Corporate Real Estate Asset Management (CREAM) model that offers advice on issues such as sustainability, workplace productivity, real estate performance measurement, change management and customer focus. In addition, new case studies provide real-life examples of how corporations in the UK, USA, Hong Kong and Abu Dhabi actively manage their corporate real estate.
650 2 4 _aCommercial property
_96227
650 2 4 _aASSET MANAGEMENT
651 4 _aUnited Kingdom
_y
690 _aProperty management
_96262
700 1 _aNunnington, Nick
700 1 _aEccles, Timothy
856 4 0 _uhttps://www.vlebooks.com/
_zView on VLEbooks. Logins for members only from [email protected]
942 _n0
_2ddc
999 _c116060
_d116060